Hodnotenie kvality vyučovacieho procesu

Salvato in:
Dettagli Bibliografici
Autore principale: Andrejovský, Pavol, 1975-
Natura: Capitolo di libro
Lingua:slovacco
Soggetti:
Tags: Aggiungi Tag
Nessun Tag, puoi essere il primo ad aggiungerne!!

MARC

LEADER 00000nla a2200000 4500
001 0209613
005 20240502073501.8
041 0 |a slo 
044 |a SK 
245 1 0 |a Hodnotenie kvality vyučovacieho procesu  |c Pavol Andrejovský 
500 |a Abstrakt 
610 2 0 |a školy vysoké 
610 2 0 |a vzdelávanie vysokoškolské 
610 2 0 |a kvalita vzdelávania 
100 1 |a Andrejovský, Pavol, 1975-